000 00549nam a2200181Ia 4500
008 090123s9999 xx 000 0 und d
082 _b36802
100 _aबाम भिष्मराज
245 _aमना सज्जना
250 _a1
260 _bमॅजेस्टिक प्रकाशन
_c2004
300 _a190
600 _aबाम भिष्मराज
630 _aमना सज्जना
700 _aबाम भिष्मराज
730 _aमना सज्जना
942 _cBOOK
999 _c74870
_d74870